00589nam a22002177a 4500003000400000005001700004008004100021020002200062040002900084050002300113100002900136245001200165250001200177260003800189300004900227650001200276700002900288700002200317942001500339999001700354OSt20260612115814.0260612b |||||||| |||| 00| 0 eng d a978-1-260-56595-9 cChuka University Library aQH 308.2 .R38 2020 aMason A. Kenneth 928903 aBiolofy a12th ED aUSA bMcGraw-Hill Educationc2020 axix, 1344PbIllustrations, Preface and Index aBiology aLosos B. Jonathan928904 aDuncan Tod928905 2lcccBKn0 c24139d24139